00429nam a22001457a 450000500170000000800410001702000280005804100130008608200130009910000130011224500420012526000580016730000320022565000260025720240619130351.0240619b |||||||| |||| 00| 0 eng d a040685159X ; 0406894132 aEnglish  a349 LAW  lEnglish  aThe All England Law Reports: Reprint  aLondon: bButterworth and Co. Publishers Ltd, c1997  bxvii, 1024 pages; c25 cm.  aLegal practice bLaw